000 00678nai a2200181Ia 4500
003 IN-BaIIA
008 211028c9999 xx s 000 0 eng d
022 _a2708-6240 (Print)
040 _cIIA Library
245 0 _aIntelligent and Converged Networks
_h[eJournal]
260 _aBeijing, China
_bTsinghua University Press(TUP)
362 _a1(1); 2020 - Present
521 _bSubscribed through National Knowledge Resource Consortium (NKRC)
650 _a Computing and Processing
_948785
650 _aCommunication, Networking and Broadcast Technologies
856 _uhttps://ieeexplore.ieee.org/servlet/opac?punumber=9195266
_yClick Here to Access eJournal
942 _cEJ
999 _c34802
_d34802